000
00329nam a2200145Ia 4500
008
230718s9999 xx 000 0 und d
041
_a
Eng.
082
_a
340
_b
SAE-P
100
_a
Saeed, Malik M (ed)
245
0
_a
P. LD (1980)
260
_a
Pakistan
_b
sel Pakistan led
_c
1880
300
_a
157
650
_a
Law
999
_c
27001
_d
27001